000 00466nam a2200181Ia 4500
005 20250508151136.0
008 008 250505s9999 xx 000 0 eng d
037 _aTextual
040 _aFEDL
_beng
_cFEDL
041 _aeng
_2eng
084 _a372.21, STR
_qFEDL
100 _aStrickland Ruth G
_9758120
245 0 _aHow to build a unit of work
260 _c1946
300 _a46p.
942 _cTEXL
_h372.21, STR
999 _c1327855
_d1327855